000 00593nam a22001817a 4500
005 20220902231557.0
008 220902b |||||||| |||| 00| 0 eng d
040 _cBiblioteca Lado V
082 _a861.728.6
_bN162l
100 _aNajera, Francisco
245 _aLa LoterĂ­a de Laton/
260 _aCosta Rica
_bCas Imprsora
300 _a45p.
_c21.5x21.5cm
650 _2Tesauro de Arte & Arquitectura
_aPOESIA
650 _2Tesauro de Arte & Arquitectura
_aCOSTA RICA
650 _2Tesauro de Arte & Arquitectura
_aPROTESTA
942 _2ddc
_c1
_h861.728.6 N162l
_n0
999 _c1936
_d1936